|
|
|
|
| LEADER |
00000nab a2200000 a 4500 |
| 001 |
vtls009966225 |
| 003 |
SK-MaSNL |
| 005 |
20260303222135.0 |
| 008 |
140402|2009 xo |||||||||||100 b|slo |
| 015 |
|
|
|a SNBRA2009/11
|2 snkbucl
|
| 038 |
|
|
|a SNKBUCL
|
| 040 |
|
|
|a SNKBUCL
|b slo
|c SNKBUCL
|e AACR2
|
| 041 |
0 |
|
|a slo
|b eng
|
| 044 |
|
|
|a xo
|c SK
|
| 080 |
|
|
|a 628.35
|2 2001
|
| 100 |
1 |
|
|a Galbová, Katarína
|4 aut
|9 330165
|
| 245 |
1 |
0 |
|a Využitie USB reaktora s anoxickou granulovanou biomasou pri čistení odpadových vôd
|c Katarína Galbová, Ivana Jonatová, Petra Pagáčová
|
| 246 |
3 |
1 |
|a Use of USB (upflow sludge blanket) reactor with anoxic granulated biomass for wastewater treatment
|
| 300 |
|
|
|b Grafy, fotogr., sch., tab.
|
| 504 |
|
|
|a Bibliogr. odkazy
|
| 546 |
|
|
|a Res. angl.
|
| 650 |
0 |
7 |
|a čistenie odpadových vôd
|2 SNKPH
|9 66097
|
| 650 |
0 |
7 |
|a denitrifikácia
|2 snkbucl
|9 51071
|
| 650 |
0 |
7 |
|a USB reaktory
|2 snkbucl
|9 1256191
|
| 650 |
0 |
7 |
|a biomasa
|2 SNKPH
|9 4197
|
| 700 |
1 |
|
|a Jonatová, Ivana
|4 aut
|9 775564
|
| 700 |
1 |
|
|a Pagáčová, Petra
|4 aut
|9 621907
|
| 773 |
0 |
|
|t Ekológia a environmentalistika
|d Vo Zvolene : Technická univerzita, 2009
|g S. 35-41
|z 9788022820011
|
| 852 |
|
|
|a SNK
|b KIS3GCP
|
| 958 |
|
|
|a NB
|
| 999 |
|
|
|c 2238513
|d 2240443
|